| 000 | 00576nam a2200181Ia 4500 | ||
|---|---|---|---|
| 008 | 090124s9999 xx 000 0 und d | ||
| 082 | _b12773 | ||
| 100 | _aपाध्ये भाऊ | ||
| 245 | _a एक सुन्हेरा ख्वाब | ||
| 250 | _a1 | ||
| 260 |
_bधारा प्रकाशन _c1980 |
||
| 300 | _a132 | ||
| 600 | _aपाध्ये भाऊ | ||
| 630 | _a एक सुन्हेरा ख्वाब | ||
| 700 | _aपाध्ये भाऊ | ||
| 730 | _a एक सुन्हेरा ख्वाब | ||
| 942 | _cBOOK | ||
| 999 |
_c86098 _d86098 |
||